[Event "Knighthood Blitz"]
[Site "Vishy Anand Arena"]
[Date "2020.08.01"]
[Round "5"]
[White "Rakeshkul"]
[Black "Shahildey"]
[Result "0-1"]
[WhiteElo "1661"]
[BlackElo "2143"]
[PlyCount "50"]
[EventDate "2020.08.01"]
[EventType "swiss (blitz)"]

1. e4 c5 2. Nf3 e6 3. d4 cxd4 4. Nxd4 a6 5. Nc3 Qc7 6. Bd3 Nf6 7. O-O Be7 8. Nce2 d6 9. Ng3 Nbd7 10. Be3 O-O 11. Nf3 b6 12. Qd2 Bb7 13. Rae1 Rad8 14. Bh6 gxh6 15. Qxh6 Ne5 16. Ng5 Neg4 17. Qh4 h6 18. h3 Qc5 19. e5 dxe5 20. hxg4 Rxd3 21. cxd3 hxg5 22. Qxg5+ Kh8 23. Rxe5 Qc6 24. Qh6+ Nh7 25. Rh5 Qxg2# 0-1

[Event "Knighthood Blitz"]
[Site "Vishy Anand Arena"]
[Date "2020.08.01"]
[Round "5"]
[White "Vamsidasarik"]
[Black "Gowthamchess1356"]
[Result "0-1"]
[WhiteElo "1631"]
[BlackElo "1671"]
[Annotator "NA"]
[PlyCount "54"]
[EventDate "2020.08.01"]
[EventType "swiss (blitz)"]

1. g3 d5 2. Bg2 Nf6 3. b3 c6 4. Bb2 Nbd7 5. d3 e5 6. Nd2 Bd6 7. e3 O-O 8. Ne2 b5 9. O-O Bb7 10. c4 bxc4 11. dxc4 Rc8 12. Rc1 Qe7 13. Rc2 Nc5 14. cxd5 cxd5 15. Nf3 Nce4 16. Nc3 Nxc3 17. Bxc3 Ba6 18. Re1 Rc7 19. Qd2 Rfc8 20. Rec1 Ba3 21. Bb2 Bxb2 22. Rxc7 Rxc7 23. Rxc7 Qxc7 24. Qxb2 Nd7 25. Nh4 g6 26. Bxd5 Qd6 27. Bg2 Qd1+ 0-1

[Event "Knighthood Blitz"]
[Site "Vishy Anand Arena"]
[Date "2020.08.01"]
[Round "5"]
[White "Ishwar Lal Patel"]
[Black "Chess1311"]
[Result "0-1"]
[WhiteElo "1630"]
[BlackElo "1651"]
[Annotator "NA"]
[PlyCount "108"]
[EventDate "2020.08.01"]
[EventType "swiss (blitz)"]

1. d4 d5 2. Bf4 c5 3. Nf3 Nc6 4. e3 cxd4 5. Nxd4 Nf6 6. Bb5 Qb6 7. O-O Bd7 8. Nc3 e5 9. Nxc6 bxc6 10. Bxc6 Bxc6 11. Bxe5 Be7 12. Bxf6 Bxf6 13. Nxd5 Bxd5 14. Qxd5 O-O 15. Rab1 Rad8 16. Qb3 Rd2 17. Qxb6 axb6 18. Rfc1 Rc8 19. c3 Rcd8 20. Kf1 b5 21. Ke1 h6 22. h3 b4 23. cxb4 Rxb2 24. Rxb2 Bxb2 25. Rb1 Bc3+ 26. Ke2 Rb8 27. b5 Kf8 28. Kd3 Ba5 29. a4 Ke7 30. Kc4 Kd6 31. Rd1+ Kc7 32. Kc5 Bb6+ 33. Kb4 Ra8 34. Rc1+ Kb7 35. Rc6 Ba5+ 36. Kc4 Be1 37. f3 Bf2 38. Kb4 Bxe3 39. Rc4 Bd2+ 40. Kb3 Ba5 41. Rc6 Re8 42. Rc2 Re3+ 43. Kb2 Rd3 44. Re2 Rd2+ 45. Rxd2 Bxd2 46. Kb3 Kb6 47. Kc4 g5 48. g4 f6 49. Kd5 Bf4 50. Ke6 Ka5 51. Kxf6 Kxa4 52. b6 Kb5 53. b7 Kb6 54. Kg6 Kxb7 0-1

[Event "Knighthood Blitz"]
[Site "Vishy Anand Arena"]
[Date "2020.08.01"]
[Round "5"]
[White "Karthikmurux"]
[Black "Chesslovers143"]
[Result "0-1"]
[WhiteElo "1626"]
[BlackElo "1140"]
[Annotator "NA"]
[PlyCount "66"]
[EventDate "2020.08.01"]
[EventType "swiss (blitz)"]

1. Nf3 d5 2. d4 e6 3. c4 Nf6 4. cxd5 exd5 5. Nc3 c6 6. Bg5 Bf5 7. e3 Nbd7 8. Qb3 Qb6 9. Qxb6 axb6 10. Be2 b5 11. O-O b4 12. Nd1 Ne4 13. h3 f6 14. Bf4 g5 15. Bh2 Be7 16. Bd3 Be6 17. Bxe4 dxe4 18. Nd2 f5 19. b3 O-O 20. Nb2 Ra6 21. Ndc4 Rfa8 22. Nd6 Rxa2 23. Rxa2 Rxa2 24. Rb1 Bxb3 25. Nxf5 Bf8 26. Nd6 Bc2 27. Rc1 Rxb2 28. Nxb7 Ra2 29. Nc5 Bxc5 30. dxc5 b3 31. Kf1 b2 32. Rxc2 b1=Q+ 33. Ke2 Rxc2# 0-1

[Event "Knighthood Blitz"]
[Site "Vishy Anand Arena"]
[Date "2020.08.01"]
[Round "5"]
[White "Surisai"]
[Black "Mandrake"]
[Result "0-1"]
[WhiteElo "1624"]
[BlackElo "2144"]
[PlyCount "62"]
[EventDate "2020.08.01"]
[EventType "swiss (blitz)"]

1. e4 c5 2. Nf3 e6 3. d4 cxd4 4. Nxd4 a6 5. Nc3 b5 6. a3 Bb7 7. f3 Qc7 8. Be3 Nf6 9. Bd3 Nc6 10. O-O Be7 11. Nce2 O-O 12. Ng3 d5 13. exd5 Nxd5 14. Bf2 Nxd4 15. Bxd4 Bc5 16. Bxc5 Qxc5+ 17. Rf2 Rfd8 18. Ne4 Qb6 19. Qe2 Nf4 20. Qf1 Rac8 21. Rd1 h6 22. Kh1 Nxd3 23. cxd3 Qd4 24. Rfd2 a5 25. Qf2 b4 26. axb4 axb4 27. Qxd4 Rxd4 28. Rc2 Rxc2 29. Ra1 Rxd3 30. h3 Bxe4 31. fxe4 Rdd2 0-1

[Event "Knighthood Blitz"]
[Site "Vishy Anand Arena"]
[Date "2020.08.01"]
[Round "5"]
[White "Kanishsri"]
[Black "Renier Gonsalves"]
[Result "1-0"]
[WhiteElo "1620"]
[BlackElo "1322"]
[Annotator "NA"]
[PlyCount "29"]
[EventDate "2020.08.01"]
[EventType "swiss (blitz)"]

1. d4 d5 2. c4 e6 3. e3 Nf6 4. cxd5 exd5 5. Nc3 Nc6 6. Bd3 Bb4 7. Bd2 Be6 8. Qa4 Bxc3 9. bxc3 O-O 10. c4 Ne7 11. Nf3 Ng6 12. O-O dxc4 13. Bxc4 Bxc4 14. Qxc4 Qe7 15. Bb4 1-0

[Event "Knighthood Blitz"]
[Site "Vishy Anand Arena"]
[Date "2020.08.01"]
[Round "5"]
[White "Vijayreddy29"]
[Black "Kirajos"]
[Result "1-0"]
[WhiteElo "1604"]
[BlackElo "1387"]
[Annotator "NA"]
[PlyCount "59"]
[EventDate "2020.08.01"]
[EventType "swiss (blitz)"]

1. d4 c5 2. c4 Nf6 3. e3 Nc6 4. Nf3 e6 5. Bd3 d5 6. O-O dxc4 7. Bxc4 cxd4 8. exd4 Bd6 9. Bg5 O-O 10. Nc3 h6 11. Bh4 Be7 12. Rc1 a5 13. a3 b6 14. Re1 Bb7 15. Bxf6 Bxf6 16. d5 exd5 17. Nxd5 Na7 18. Nxf6+ Qxf6 19. Qb3 Rac8 20. Ne5 Rxc4 21. Qxc4 Qg5 22. f3 Rc8 23. Qxf7+ Kh7 24. Rxc8 Bxc8 25. Qxa7 Bh3 26. Ng4 Bxg4 27. fxg4 Qxg4 28. Qxb6 Qg5 29. Qe3 Qd8 30. Qe4+ 1-0

[Event "Knighthood Blitz"]
[Site "Vishy Anand Arena"]
[Date "2020.08.01"]
[Round "5"]
[White "Beradia"]
[Black "Hamza dhariwala"]
[Result "1-0"]
[WhiteElo "1576"]
[BlackElo "1248"]
[Annotator "NA"]
[PlyCount "55"]
[EventDate "2020.08.01"]
[EventType "swiss (blitz)"]

1. e4 e5 2. Nf3 Nc6 3. Bc4 Nf6 4. d4 exd4 5. e5 Ng4 6. Bf4 d6 7. h3 Nh6 8. Bxh6 gxh6 9. O-O dxe5 10. c3 Be6 11. Bxe6 fxe6 12. cxd4 exd4 13. Qb3 d3 14. Nbd2 Nd4 15. Nxd4 Qxd4 16. Qxe6+ Be7 17. Rfe1 Qd6 18. Qb3 O-O-O 19. Nc4 Qd4 20. Rxe7 d2 21. Rd1 Rhe8 22. Rxe8 Rxe8 23. Rxd2 Re1+ 24. Kh2 Qf4+ 25. Qg3 Qxc4 26. b3 Qf1 27. Qg8+ Re8 28. Qxe8# 1-0

[Event "Knighthood Blitz"]
[Site "Vishy Anand Arena"]
[Date "2020.08.01"]
[Round "5"]
[White "Ym27"]
[Black "theraisingsun"]
[Result "0-1"]
[WhiteElo "1559"]
[BlackElo "1578"]
[Annotator "NA"]
[PlyCount "68"]
[EventDate "2020.08.01"]
[EventType "swiss (blitz)"]

1. e4 b6 2. Nc3 Bb7 3. d4 g6 4. Bd3 Bg7 5. Be3 e6 6. Nf3 Ne7 7. Qd2 h5 8. e5 a5 9. a4 Na6 10. Be2 Nb4 11. Nb5 Nbd5 12. c4 Nxe3 13. fxe3 O-O 14. O-O Nf5 15. e4 Nh4 16. Nxh4 Qxh4 17. Bf3 Rac8 18. d5 Bxe5 19. g3 Qe7 20. dxe6 dxe6 21. Qg2 Qc5+ 22. Kh1 Qxc4 23. Rac1 Qb4 24. Rb1 Qxa4 25. Nc3 Qb3 26. g4 hxg4 27. Qxg4 Rcd8 28. Qg5 Bd6 29. Bh5 Qc2 30. Qg2 Qxg2+ 31. Kxg2 gxh5 32. Kf3 f5 33. Rg1+ Kf7 34. Ke3 Bc5+ 0-1

[Event "Knighthood Blitz"]
[Site "Vishy Anand Arena"]
[Date "2020.08.01"]
[Round "5"]
[White "Sougata"]
[Black "HRICK2008"]
[Result "1-0"]
[WhiteElo "1543"]
[BlackElo "1503"]
[Annotator "NA"]
[PlyCount "115"]
[EventDate "2020.08.01"]
[EventType "swiss (blitz)"]

1. e4 Nf6 2. e5 Nd5 3. c4 Nb6 4. d4 d6 5. exd6 exd6 6. Nf3 Bg4 7. Nc3 Nc6 8. d5 Bxf3 9. Qxf3 Ne5 10. Qe3 Be7 11. b3 O-O 12. Bd3 Bf6 13. O-O Re8 14. Qh3 Nxd3 15. Qxd3 Nd7 16. Bb2 Nc5 17. Qd2 Be5 18. Rfe1 Qh4 19. h3 Qf6 20. b4 Nd7 21. Na4 Bxb2 22. Nxb2 Qxb2 23. Qxb2 Nb6 24. Qc3 a6 25. Rxe8+ Rxe8 26. Re1 Rxe1+ 27. Qxe1 Kf8 28. Qc3 f6 29. Qb3 Nd7 30. a4 b6 31. Qc3 Ke7 32. b5 a5 33. Qe3+ Ne5 34. f4 Kf7 35. fxe5 fxe5 36. Qf3+ Ke7 37. Qf5 g6 38. Qe6+ Kd8 39. Qf7 h5 40. Qxg6 h4 41. Qf6+ Kd7 42. Qxh4 Ke8 43. Qh7 Kd8 44. Qf7 e4 45. Qe6 e3 46. Qxe3 c6 47. Qe6 cxd5 48. Qxd5 Kc7 49. g4 Kb8 50. Qxd6+ Kb7 51. Qc6+ Ka7 52. Qc7+ Ka8 53. Qd6 Ka7 54. g5 Ka8 55. g6 Kb7 56. g7 Ka7 57. g8=Q Kb7 58. Qf7+ 1-0

[Event "Knighthood Blitz"]
[Site "Vishy Anand Arena"]
[Date "2020.08.01"]
[Round "5"]
[White "Gingeekannan"]
[Black "Architsaigal"]
[Result "0-1"]
[WhiteElo "1518"]
[BlackElo "1582"]
[Annotator "NA"]
[PlyCount "64"]
[EventDate "2020.08.01"]
[EventType "swiss (blitz)"]

1. e4 c6 2. d4 d5 3. e5 c5 4. c3 Nc6 5. f4 Bf5 6. Bd3 Bxd3 7. Qxd3 e6 8. Nf3 Nge7 9. O-O Nf5 10. g4 Nh4 11. f5 Nxf3+ 12. Qxf3 Qd7 13. Be3 c4 14. Nd2 Be7 15. b3 b5 16. a4 bxa4 17. bxc4 a3 18. c5 f6 19. exf6 gxf6 20. Rxa3 e5 21. g5 e4 22. Qf2 fxg5 23. f6 Bf8 24. f7+ Kd8 25. Qf6+ Ne7 26. Qxh8 Kc7 27. Bxg5 Bh6 28. Qe5+ Kb7 29. Rb3+ Kc6 30. Bxh6 Rf8 31. Bxf8 Ng6 32. Qd6+ Qxd6 0-1

[Event "Knighthood Blitz"]
[Site "Vishy Anand Arena"]
[Date "2020.08.01"]
[Round "5"]
[White "Enthusiast"]
[Black "Syamantak"]
[Result "1-0"]
[WhiteElo "1507"]
[BlackElo "1346"]
[Annotator "NA"]
[PlyCount "61"]
[EventDate "2020.08.01"]
[EventType "swiss (blitz)"]

1. e4 e5 2. Nf3 Nc6 3. Bc4 Bc5 4. O-O Nf6 5. b4 Bxb4 6. c3 Ba5 7. d4 d6 8. dxe5 Nxe5 9. Nxe5 dxe5 10. Qxd8+ Kxd8 11. Bxf7 Ke7 12. Bb3 Be6 13. Ba3+ Kf7 14. f4 Nxe4 15. fxe5+ Kg6 16. Bxe6 Nxc3 17. Nxc3 Bxc3 18. Bf5+ Kf7 19. Be4+ Ke6 20. Rac1 Bxe5 21. Bf5+ Kf6 22. Be4+ Ke6 23. Rce1 Bd4+ 24. Kh1 Kd7 25. Bxb7 Rab8 26. Rf7+ Kd8 27. Bc6 Bc3 28. Rd1+ Kc8 29. Bc5 Rd8 30. Rxd8+ Kxd8 31. Rf8# 1-0

[Event "Knighthood Blitz"]
[Site "Vishy Anand Arena"]
[Date "2020.08.01"]
[Round "5"]
[White "Mraa"]
[Black "Monideepbanerjee"]
[Result "1-0"]
[WhiteElo "1488"]
[BlackElo "1572"]
[Annotator "NA"]
[PlyCount "95"]
[EventDate "2020.08.01"]
[EventType "swiss (blitz)"]

1. e4 e5 2. Nf3 d6 3. d4 exd4 4. Nxd4 Nc6 5. Nc3 Nxd4 6. Qxd4 Qf6 7. Be3 Qxd4 8. Bxd4 Nf6 9. f3 Be7 10. O-O-O O-O 11. Nd5 Nxd5 12. exd5 Bg5+ 13. Kb1 Bf5 14. Bd3 Bxd3 15. Rxd3 Rad8 16. h4 Be7 17. g4 c5 18. dxc6 bxc6 19. g5 c5 20. Bc3 g6 21. Re1 Rfe8 22. Rde3 Rd7 23. Bf6 Kf8 24. Bxe7+ Rdxe7 25. Rxe7 Rxe7 26. Rxe7 Kxe7 27. Kc1 Ke6 28. Kd2 Kf5 29. Ke3 d5 30. c3 a6 31. b4 cxb4 32. cxb4 d4+ 33. Kxd4 Kf4 34. Kc5 Kxf3 35. b5 Kg4 36. bxa6 Kxh4 37. a7 Kxg5 38. a8=Q f5 39. Qg2+ Kf6 40. a4 f4 41. Qg4 g5 42. a5 Kg6 43. a6 h5 44. Qe6+ Kh7 45. a7 f3 46. a8=Q f2 47. Qf7+ Kh6 48. Qh8# 1-0

[Event "Knighthood Blitz"]
[Site "Vishy Anand Arena"]
[Date "2020.08.01"]
[Round "5"]
[White "Dr_Deep_Chesh"]
[Black "SudiNarayana"]
[Result "1-0"]
[WhiteElo "1486"]
[BlackElo "1468"]
[Annotator "NA"]
[PlyCount "75"]
[EventDate "2020.08.01"]
[EventType "swiss (blitz)"]

1. e4 e5 2. Nf3 Nc6 3. Bb5 a6 4. Bxc6 dxc6 5. Nxe5 f6 6. Nf3 c5 7. Nc3 Ne7 8. d3 Ng6 9. Be3 Bd6 10. Na4 c4 11. dxc4 O-O 12. c5 Bxc5 13. Nxc5 Qxd1+ 14. Rxd1 Bg4 15. O-O Bxf3 16. gxf3 Rad8 17. Rxd8 Rxd8 18. Nd3 c6 19. Kg2 Nh4+ 20. Kg3 Ng6 21. Rd1 Kf7 22. Rd2 Re8 23. Nc5 b6 24. Nxa6 b5 25. Nb4 c5 26. Bxc5 Re5 27. Rd5 Re8 28. Nd3 Ke6 29. Nf4+ Kf7 30. Nxg6 Kxg6 31. Bd4 Re6 32. Rxb5 Ra6 33. a3 Re6 34. c4 h5 35. c5 Re8 36. c6 h4+ 37. Kg4 f5+ 38. exf5+ 1-0

[Event "Knighthood Blitz"]
[Site "Vishy Anand Arena"]
[Date "2020.08.01"]
[Round "5"]
[White "divyang2003"]
[Black "Setumadhav"]
[Result "0-1"]
[WhiteElo "1481"]
[BlackElo "1695"]
[Annotator "NA"]
[PlyCount "46"]
[EventDate "2020.08.01"]
[EventType "swiss (blitz)"]

1. e4 c5 2. Nf3 d6 3. b3 Nf6 4. Bb2 Nc6 5. d3 g6 6. Nbd2 Bg7 7. Be2 O-O 8. O-O e5 9. h3 Re8 10. Re1 h6 11. Nf1 d5 12. exd5 Nxd5 13. Ng3 Nf4 14. Bc1 Nxe2+ 15. Rxe2 e4 16. Rb1 exf3 17. gxf3 Bxh3 18. Be3 Nd4 19. Bxd4 Bxd4 20. Qd2 Rxe2 21. Qxe2 Qg5 22. Re1 Qxg3+ 23. Kh1 Qg2# 0-1

[Event "Knighthood Blitz"]
[Site "Vishy Anand Arena"]
[Date "2020.08.01"]
[Round "5"]
[White "suresh agarwal"]
[Black "Savithashri"]
[Result "0-1"]
[WhiteElo "1471"]
[BlackElo "1968"]
[PlyCount "56"]
[EventDate "2020.08.01"]
[EventType "swiss (blitz)"]

1. e4 c5 2. Nf3 e6 3. Bc4 d5 4. exd5 exd5 5. Bb5+ Nc6 6. Qe2+ Be6 7. O-O Nf6 8. d3 Be7 9. Nc3 O-O 10. Bxc6 bxc6 11. Re1 Bd6 12. Bg5 Bg4 13. h3 Bh5 14. Nd1 h6 15. Bh4 Bf4 16. Qf1 Bxf3 17. gxf3 g5 18. Bg3 Nh5 19. Kg2 Qd7 20. Ne3 Kh7 21. Ng4 Qd6 22. Bxf4 Nxf4+ 23. Kg1 Rae8 24. Re3 d4 25. Re4 f5 26. Rxe8 Rxe8 27. Nh2 Re2 28. Rc1 Qe5 0-1

[Event "Knighthood Blitz"]
[Site "Vishy Anand Arena"]
[Date "2020.08.01"]
[Round "5"]
[White "adireddyarjun"]
[Black "Padmaesh M K"]
[Result "1-0"]
[WhiteElo "1454"]
[BlackElo "1754"]
[Annotator "NA"]
[PlyCount "67"]
[EventDate "2020.08.01"]
[EventType "swiss (blitz)"]

1. e4 c5 2. Nf3 Nc6 3. d4 cxd4 4. Nxd4 d6 5. Nc3 Nf6 6. Be2 a6 7. Be3 e5 8. Nb3 Be6 9. O-O Be7 10. f4 O-O 11. f5 Bd7 12. g4 Ne8 13. Nd5 Bg5 14. Qd2 Bxe3+ 15. Qxe3 Nc7 16. Rad1 f6 17. Nb6 Rb8 18. Rxd6 Rf7 19. Rfd1 Nd4 20. Nxd4 exd4 21. R1xd4 Nb5 22. Bxb5 axb5 23. Rxd7 Qxb6 24. Rxf7 Rd8 25. Rxg7+ Kxg7 26. Rd7+ Rxd7 27. Qxb6 Rd1+ 28. Kg2 Rd2+ 29. Kg3 Rxc2 30. Qxb5 Rc7 31. Qb6 Re7 32. a4 Rxe4 33. Qxb7+ Kg8 34. Qxe4 1-0

[Event "Knighthood Blitz"]
[Site "Vishy Anand Arena"]
[Date "2020.08.01"]
[Round "5"]
[White "PrabhuBadkas"]
[Black "Gonda"]
[Result "0-1"]
[WhiteElo "1436"]
[BlackElo "1503"]
[Annotator "NA"]
[PlyCount "70"]
[EventDate "2020.08.01"]
[EventType "swiss (blitz)"]

1. e4 c5 2. Nf3 d6 3. d4 cxd4 4. Nxd4 Nf6 5. Nc3 a6 6. Be3 e5 7. Nf3 Be6 8. Bd3 Be7 9. O-O O-O 10. h3 Nbd7 11. Nh2 Nc5 12. Be2 Ncxe4 13. Nxe4 Nxe4 14. Bd3 Nf6 15. f4 e4 16. Be2 d5 17. f5 Bc8 18. Ng4 Nxg4 19. Bxg4 Bf6 20. Bh5 d4 21. Bf4 d3 22. cxd3 exd3 23. Qg4 Qd4+ 24. Kh2 g6 25. Qg3 Qxb2 26. fxg6 fxg6 27. Kh1 Kh8 28. Bd6 Bf5 29. Bxf8 Rxf8 30. Bf3 d2 31. Qd6 Rd8 32. Qc7 Re8 33. Bxb7 Qxa1 34. Rxa1 Bxa1 35. Qd6 Re1+ 0-1

[Event "Knighthood Blitz"]
[Site "Vishy Anand Arena"]
[Date "2020.08.01"]
[Round "5"]
[White "IamNihar"]
[Black "Zokapenzioner"]
[Result "0-1"]
[WhiteElo "1426"]
[BlackElo "1891"]
[Annotator "NA"]
[PlyCount "64"]
[EventDate "2020.08.01"]
[EventType "swiss (blitz)"]

1. e4 c5 2. Nf3 g6 3. Nc3 Bg7 4. Bc4 Nc6 5. O-O e6 6. Re1 Nge7 7. e5 O-O 8. d4 cxd4 9. Nxd4 d5 10. exd6 Nxd4 11. dxe7 Qxe7 12. Be3 Rd8 13. Bd3 b6 14. Qg4 h5 15. Qg3 Bb7 16. Rad1 Qb4 17. Qc7 Qxb2 18. Ne4 Bd5 19. Nd6 Rxd6 20. Qxd6 Qxa2 21. Bxd4 Bxd4 22. Qf4 Bg7 23. Re2 Qa5 24. Red2 Rf8 25. Be4 Bxe4 26. Qxe4 Qc5 27. Qd3 a5 28. h3 a4 29. Qd6 a3 30. Qxc5 bxc5 31. c4 Bb2 32. Rd3 Ra8 0-1

[Event "Knighthood Blitz"]
[Site "Vishy Anand Arena"]
[Date "2020.08.01"]
[Round "5"]
[White "Angappan"]
[Black "Entropicacogen"]
[Result "1-0"]
[WhiteElo "1419"]
[BlackElo "1561"]
[Annotator "NA"]
[PlyCount "81"]
[EventDate "2020.08.01"]
[EventType "swiss (blitz)"]

1. e4 e5 2. Nf3 Nc6 3. Bc4 Bc5 4. O-O Nf6 5. c3 Nxe4 6. Qe2 d5 7. Bb5 O-O 8. Bxc6 bxc6 9. c4 Re8 10. Qd3 Nxf2 11. Rxf2 Bxf2+ 12. Kxf2 e4 13. Qd4 exf3 14. gxf3 Qf6 15. Qxf6 gxf6 16. cxd5 cxd5 17. d4 Ba6 18. Nc3 Rac8 19. Bh6 c6 20. Rg1+ Kh8 21. Bg7+ Kg8 22. Bxf6+ Kf8 23. Bg7+ Ke7 24. Bh6 Kd7 25. Rg7 Re7 26. Bg5 f6 27. Bxf6 Rxg7 28. Bxg7 Rb8 29. Na4 Bc4 30. Nc5+ Ke7 31. b3 Kf7 32. Bh6 Ba6 33. Nd7 Re8 34. Ne5+ Kf6 35. Bf4 Kf5 36. Bg3 Kf6 37. Nd7+ Ke6 38. Ne5 Ke7 39. Nxc6+ Kd7 40. Ne5+ Kd6 41. Nf7+ 1-0

[Event "Knighthood Blitz"]
[Site "Vishy Anand Arena"]
[Date "2020.08.01"]
[Round "5"]
[White "Adireddytarun"]
[Black "Vishvajeet Singh"]
[Result "1-0"]
[WhiteElo "1417"]
[BlackElo "1723"]
[Annotator "NA"]
[PlyCount "121"]
[EventDate "2020.08.01"]
[EventType "swiss (blitz)"]

1. d4 Nf6 2. c4 e6 3. Nc3 Bb4 4. f3 d5 5. a3 Bxc3+ 6. bxc3 dxc4 7. e4 c5 8. Bxc4 cxd4 9. cxd4 Nc6 10. Ne2 e5 11. d5 Na5 12. Ba2 O-O 13. Bd2 b6 14. O-O Nb7 15. Bb4 Nd6 16. Rc1 a5 17. Bd2 Ba6 18. Be3 b5 19. Rc6 Nc4 20. Bxc4 bxc4 21. Nc3 Bb7 22. Rc5 Qd7 23. Re1 Rfc8 24. Na4 Ne8 25. Nb6 Qd8 26. Nxc8 Rxc8 27. Rxc8 Qxc8 28. Qa4 Qd8 29. Rc1 Ba6 30. Qc6 Bc8 31. Rxc4 Bd7 32. Qc5 Qb8 33. Qb6 Qxb6 34. Bxb6 f6 35. Bxa5 Kf7 36. Bc7 Ke7 37. d6+ Ke6 38. a4 g6 39. a5 Bc8 40. Rb4 Kd7 41. Rb8 Ba6 42. Rb6 Bc8 43. a6 Nxc7 44. dxc7 Kxc7 45. a7 Bb7 46. Rb1 Ba8 47. Rb8 Bb7 48. a8=Q Bxa8 49. Rxa8 Kc6 50. Rh8 Kc5 51. Rxh7 Kd4 52. Rg7 Ke3 53. Rxg6 Ke2 54. Rxf6 Ke1 55. Rf5 Ke2 56. Rxe5 Ke3 57. Rf5 Ke2 58. h4 Ke1 59. h5 Ke2 60. h6 Ke3 61. h7 1-0

[Event "Knighthood Blitz"]
[Site "Vishy Anand Arena"]
[Date "2020.08.01"]
[Round "5"]
[White "Masters22"]
[Black "Raunak_Bhatnagar"]
[Result "1-0"]
[WhiteElo "1356"]
[BlackElo "1270"]
[Annotator "NA"]
[PlyCount "53"]
[EventDate "2020.08.01"]
[EventType "swiss (blitz)"]

1. Nf3 c6 2. c4 Nf6 3. Nc3 d5 4. cxd5 cxd5 5. d4 Nc6 6. e3 Bg4 7. Be2 Bxf3 8. Bxf3 e5 9. dxe5 Nxe5 10. Be2 Nc6 11. O-O Bd6 12. b3 O-O 13. Bb2 Bc7 14. Bd3 Qd6 15. g3 h5 16. f4 h4 17. g4 Nxg4 18. Qxg4 d4 19. exd4 Qxd4+ 20. Rf2 Qxd3 21. Nb5 g6 22. Nxc7 Rac8 23. Nb5 a6 24. Na3 Nb4 25. Nc4 Rfe8 26. Qxh4 Re7 27. Qh8# 1-0

[Event "Knighthood Blitz"]
[Site "Vishy Anand Arena"]
[Date "2020.08.01"]
[Round "5"]
[White "Cool_chess"]
[Black "saisujan2005"]
[Result "0-1"]
[WhiteElo "1326"]
[BlackElo "1765"]
[Annotator "NA"]
[PlyCount "62"]
[EventDate "2020.08.01"]
[EventType "swiss (blitz)"]

1. e4 c5 2. Nc3 Nc6 3. f4 g6 4. Nf3 Bg7 5. Bc4 e6 6. O-O Nge7 7. Qe1 O-O 8. d3 d5 9. Bb3 b6 10. f5 exf5 11. Qh4 fxe4 12. dxe4 dxe4 13. Ng5 h5 14. Nxf7 Qd4+ 15. Kh1 c4 16. Nb5 Rxf7 17. Re1 Qc5 18. Nc7 Rb8 19. Be3 Qe5 20. Bxc4 Qxc7 21. Bxf7+ Kxf7 22. Qxe4 Bf5 23. Qc4+ Kf8 24. Rf1 Be5 25. Bh6+ Bg7 26. Bf4 Be5 27. Bh6+ Ke8 28. Rae1 Bxh2 29. Qg8+ Kd7 30. Qf7 Bd6 31. Bg5 Re8 0-1

[Event "Knighthood Blitz"]
[Site "Vishy Anand Arena"]
[Date "2020.08.01"]
[Round "5"]
[White "Ggupta211"]
[Black "himplanet"]
[Result "0-1"]
[WhiteElo "1323"]
[BlackElo "2140"]
[Annotator "NA"]
[PlyCount "72"]
[EventDate "2020.08.01"]
[EventType "swiss (blitz)"]

1. e4 c5 2. Nf3 e6 3. d4 cxd4 4. Nxd4 Nc6 5. Nxc6 bxc6 6. Bd3 d5 7. O-O Nf6 8. e5 Nd7 9. f4 Ba6 10. Kh1 Bxd3 11. Qxd3 g6 12. Nc3 Rb8 13. a4 c5 14. Nb5 a6 15. Nd6+ Bxd6 16. exd6 Qb6 17. b3 Qxd6 18. Bb2 O-O 19. Qh3 d4 20. Qh6 Rfd8 21. Rf3 Qf8 22. Qg5 Qg7 23. c3 Rxb3 24. Rb1 Rdb8 25. Rf2 dxc3 26. h4 Rxb2 27. Rfxb2 cxb2 28. h5 Qf6 29. Qg4 Qf5 30. Qd1 Nf6 31. h6 Qh5+ 32. Kg1 Qxd1+ 33. Rxd1 b1=Q 34. Rxb1 Rxb1+ 35. Kh2 Ng4+ 36. Kg3 Nxh6 0-1

[Event "Knighthood Blitz"]
[Site "Vishy Anand Arena"]
[Date "2020.08.01"]
[Round "5"]
[White "Ruben1070"]
[Black "Subhranp"]
[Result "0-1"]
[WhiteElo "1311"]
[BlackElo "1399"]
[Annotator "NA"]
[PlyCount "46"]
[EventDate "2020.08.01"]
[EventType "swiss (blitz)"]

1. Nf3 d5 2. d4 Nf6 3. g3 e6 4. Bg2 Be7 5. O-O O-O 6. Nbd2 Nbd7 7. c4 c6 8. c5 Qc7 9. Nb3 b6 10. cxb6 axb6 11. Bf4 Qd8 12. Qc2 Bb7 13. Ne5 Nxe5 14. Bxe5 Bd6 15. Bxd6 Qxd6 16. Nd2 c5 17. Nf3 Rac8 18. dxc5 bxc5 19. Qb3 Ba6 20. Rfe1 Ne4 21. Qc2 Qb6 22. b3 f6 23. Nd2 Nxd2 0-1

[Event "Knighthood Blitz"]
[Site "Vishy Anand Arena"]
[Date "2020.08.01"]
[Round "5"]
[White "sohanpatnaik"]
[Black "Chessplayer324"]
[Result "1-0"]
[WhiteElo "1311"]
[BlackElo "1183"]
[Annotator "NA"]
[PlyCount "49"]
[EventDate "2020.08.01"]
[EventType "swiss (blitz)"]

1. Nf3 Nf6 2. d3 Nc6 3. e4 e5 4. Nc3 d5 5. exd5 Nxd5 6. Nxd5 Qxd5 7. Bd2 Qd8 8. Be2 Bb4 9. O-O O-O 10. Bxb4 Nxb4 11. a3 Nc6 12. Qd2 Re8 13. Rad1 Bg4 14. h3 Bh5 15. Rfe1 f5 16. Nh2 e4 17. Bxh5 e3 18. Rxe3 Rxe3 19. Qxe3 g5 20. Qe6+ Kg7 21. Re1 Nd4 22. Qf7+ Kh8 23. Re7 Ne2+ 24. Bxe2 Qd6 25. Qxh7# 1-0

[Event "Knighthood Blitz"]
[Site "Vishy Anand Arena"]
[Date "2020.08.01"]
[Round "5"]
[White "Karsanjib"]
[Black "Anshuman Upadhyay"]
[Result "0-1"]
[WhiteElo "1310"]
[BlackElo "1354"]
[Annotator "NA"]
[PlyCount "44"]
[EventDate "2020.08.01"]
[EventType "swiss (blitz)"]

1. d4 e5 2. dxe5 Nc6 3. Nf3 d5 4. exd6 Bxd6 5. e3 Nf6 6. Bb5 Bd7 7. Nc3 Be6 8. O-O O-O 9. h3 Qd7 10. Nd4 a6 11. Nxe6 Qxe6 12. Bxc6 bxc6 13. Qf3 Rad8 14. Qxc6 Bh2+ 15. Kxh2 Qxc6 16. e4 Nxe4 17. Nxe4 Qxe4 18. Be3 Qe5+ 19. g3 Qxb2 20. Rab1 Qxa2 21. Ra1 Qe6 22. Rxa6 Qxa6 0-1

[Event "Knighthood Blitz"]
[Site "Vishy Anand Arena"]
[Date "2020.08.01"]
[Round "5"]
[White "Devraj"]
[Black "Adityaghule"]
[Result "1/2-1/2"]
[WhiteElo "1266"]
[BlackElo "1255"]
[Annotator "NA"]
[PlyCount "81"]
[EventDate "2020.08.01"]
[EventType "swiss (blitz)"]

1. e4 c5 2. Nf3 d6 3. d4 cxd4 4. Nxd4 Nf6 5. Nc3 a6 6. Bg5 e5 7. Bxf6 Qxf6 8. Nd5 Qd8 9. Nf3 Be6 10. Bc4 Be7 11. O-O Nc6 12. c3 O-O 13. Re1 b5 14. Bb3 a5 15. Bc2 Bxd5 16. exd5 Na7 17. Bd3 h6 18. b4 a4 19. Qe2 Rb8 20. Qe4 g6 21. Qe3 f5 22. Bc2 Nc8 23. Qxh6 Qe8 24. Ng5 Bxg5 25. Qxg5 Ne7 26. Rad1 Qf7 27. Re3 Kg7 28. Rh3 Rh8 29. Rxh8 Rxh8 30. Rd3 Nxd5 31. Rxd5 Qe7 32. Qxe7+ Kg8 33. Qe8+ Kg7 34. Qe7+ Kg8 35. Qf6 Rh7 36. Qd8+ Kg7 37. Qe7+ Kh6 38. Qh4+ Kg7 39. Qe7+ Kh6 40. Qh4+ Kg7 41. Qe7+ 1/2-1/2

[Event "Knighthood Blitz"]
[Site "Vishy Anand Arena"]
[Date "2020.08.01"]
[Round "5"]
[White "prasanthkp1"]
[Black "Zanta"]
[Result "0-1"]
[WhiteElo "1206"]
[BlackElo "1968"]
[PlyCount "52"]
[EventDate "2020.08.01"]
[EventType "swiss (blitz)"]

1. e3 e5 2. c4 Nf6 3. Nc3 d5 4. d4 exd4 5. exd4 Bb4 6. Bd2 O-O 7. Nf3 Re8+ 8. Be2 dxc4 9. O-O Be6 10. a3 Bxc3 11. Bxc3 Nbd7 12. Rb1 Bd5 13. b3 cxb3 14. Ne5 Ne4 15. Ba1 c5 16. f3 Nef6 17. Nd3 c4 18. Nb4 b5 19. Nxd5 Nxd5 20. g3 Ne3 21. Qd2 Nxf1 22. Kxf1 Nb6 23. Qf4 Nd5 24. Qg4 Ne3+ 25. Kf2 Nxg4+ 26. fxg4 Qf6+ 0-1

[Event "Knighthood Blitz"]
[Site "Vishy Anand Arena"]
[Date "2020.08.01"]
[Round "5"]
[White "RIJUD"]
[Black "SubashRaj"]
[Result "0-1"]
[WhiteElo "1147"]
[BlackElo "1588"]
[Annotator "NA"]
[PlyCount "40"]
[EventDate "2020.08.01"]
[EventType "swiss (blitz)"]

1. Nf3 Nf6 2. e3 g6 3. c4 Bg7 4. b3 O-O 5. Nc3 d6 6. Bb2 Ne4 7. g3 Nxc3 8. dxc3 Nc6 9. Bg2 Bg4 10. O-O Qd7 11. Rb1 a5 12. a4 Rae8 13. Re1 e5 14. e4 f5 15. c5 fxe4 16. Re3 exf3 17. Bxf3 Bxf3 18. cxd6 Bxd1 19. Rxd1 cxd6 20. c4 Nb4 0-1